000 00343nam a2200133Ia 4500
005 20260328104307.0
008 260328s9999||||xx |||||||||||||| ||und||
100 _aCruickshank, Dan
245 2 _aA History of Architecture in 100 Buildings /
_cDan Cruickshank
260 _bFirefly
300 _a352 p.
650 _aFOTOGRAFÍA
942 _cBK
999 _c10794
_d10794